Eloge de la fadeur
Gorde:
| Egile nagusia: | |
|---|---|
| Beste egile batzuk: | |
| Formatua: | Liburua |
| Hizkuntza: | Undetermined |
| Argitaratua: |
Lao động
2013
|
| Gaiak: | |
| Sarrera elektronikoa: | http://lrc.tdmu.edu.vn/opac/search/detail.asp?aID=2&ID=18751 |
| Etiketak: |
Etiketa erantsi
Etiketarik gabe, Izan zaitez lehena erregistro honi etiketa jartzen!
|
| Thư viện lưu trữ: | Trung tâm Học liệu Trường Đại học Thủ Dầu Một |
|---|
| LEADER | 00890nam a2200193Ia 4500 | ||
|---|---|---|---|
| 001 | TDMU_18751 | ||
| 008 | 210410s9999 xx 000 0 und d | ||
| 082 | |a 111 | ||
| 090 | |b J510 | ||
| 100 | |a Jullien, Francois | ||
| 245 | 0 | |a Eloge de la fadeur | |
| 260 | |b Lao động | ||
| 260 | |c 2013 | ||
| 300 | |a 155tr. | ||
| 520 | |p Nguyên bản : |t Eloge de la fadeur; Nội dung phân tích bàn về cái nhạt theo tư tưởng Phương Tây; Thay đổi tín hiệu; Cảnh quan của cái nhạt; Tẻ nhạt - dửng dưng; Nghĩa của cái trung hòa; Cái nhạt trong quan hệ xã hội... | ||
| 650 | |a Mỹ học |z Trung Quốc; Triết học Trung Quốc | ||
| 700 | |a Trương, Thị An Na | ||
| 856 | |u http://lrc.tdmu.edu.vn/opac/search/detail.asp?aID=2&ID=18751 | ||
| 980 | |a Trung tâm Học liệu Trường Đại học Thủ Dầu Một | ||